000 01030nas a2200337 4500
001 BR2015000737
003 BR-BrBNA
005 20231205125012.0
007 ta
008 230509b bl.|||p| |||| 00| 00por d
040 _aBR-BrBNA
_bpor
_cBiblioteca Nacional de Agricultura
041 _a(Pt)
072 _aQ54; L02
100 1 _aLima, R.C.
100 1 _aCosta, F.G.P.
100 1 _aGoulart, C.C.
100 1 _aCavalcante, L.E.
100 1 _aFreitas, E.R.
100 1 _aSilva, J.H.V.
100 1 _aDantas, L.S.
100 1 _aRodrigues, V.P.
245 1 _aExigência nutricional de proteína bruta para codornas japonesas (Coturnix coturnix japonica)na fase de postura
650 _aCODORNA
650 _aPOSTURA
650 _aDIETA
650 _aPROTEÍNA BRUTA
650 _aPRODUÇÃO
773 0 _tArquivo Brasileiro de Medicina Veterinária e Zootecnia (Brazil)
_xISSN 0102-0935
_g(Aug 2014), v. 66(4) p. 1234-1242
_wBR2015000737
909 _a202311
_bLúcia
_c55
_dLúcia Elande
942 _2AGRIS
_n0
_cANA
999 _c242072
_d242072